=LDR 00000nam 2200000 4500 =001 INLIS000000000047777 =005 20160216103137.0 =006 =007 =008 =035 ##$$0010-021600000000165 =040 ##$$a NPBDMAT =082 ##$$a R.351.72 =090 ##$$a R.351.72 $b Him h =245 ##$$a Himpunan Rincian Anggaran Belanja Kementrian/ Lembaga 2007 Menurut Kementrian/ Lembaga dan Jenis Belanja =260 ##$$a Jakarta : $b Departemen Keuangan Republik Indonesia, $c 2007 =300 ##$$a 301 hlm $c 21 cm =650 ##$$a Anggaran Pendapatan dan Belanja Negara =700 ##$$a Departemen Keuangan RI